[Event "Winnipeg Woodbury Memorial"]
[Site "Winnipeg"]
[Date "2018.12.18"]
[Round "7.7"]
[White "Myrzaibraimov, Azamat"]
[Black "Skop, Mike"]
[Result "1-0"]
[WhiteElo "1440"]
[BlackElo "1674"]
[PlyCount "93"]
[EventDate "2018.11.06"]
[EventType "swiss"]
[EventRounds "7"]
[EventCountry "CAN"]
[SourceTitle "EXT 2022"]
[Source "ChessBase"]
[SourceDate "2021.10.06"]
[SourceVersion "1"]
[SourceVersionDate "2021.10.06"]
[SourceQuality "1"]

1. e4 c6 2. Nc3 Na6 3. Bxa6 bxa6 4. b3 g6 5. Bb2 Bg7 6. Nf3 Nh6 7. h3 d6 8. d4 Qa5 9. Qd3 0-0 10. 0-0 Qh5 11. Ne2 g5 12. Nh2 f5 13. Ng3 Qg6 14. Qc4+ Be6 15. Qxc6 f4 16. Nf5 Nxf5 17. exf5 Bxf5 18. c3 Be4 19. Qxa6 f3 20. Nxf3 Bxf3 21. gxf3 Rxf3 22. Qe2 Qf5 23. Rfe1 Rf8 24. Qe6+ Qxe6 25. Rxe6 Rxf2 26. Ba3 R2f3 27. Bb4 Rxh3 28. Rxe7 Rf6 29. Rae1 Rg3+ 30. Kh2 Rg4 31. Re8+ Bf8 32. R1e3 Rf2+ 33. Kh3 Rg1 34. Bxd6 g4+ 35. Kh4 Kg7 36. Bxf8+ Rxf8 37. Rxf8 Kxf8 38. Rg3 Rxg3 39. Kxg3 h5 40. c4 Ke7 41. a4 Kd6 42. d5 Ke5 43. b4 Kd6 44. a5 Ke5 45. b5 Kd6 46. b6 a6 47. c5+ 1-0

[Event "Winnipeg TNT January op"]
[Site "Winnipeg"]
[Date "2018.01.30"]
[Round "4.6"]
[White "Gannon, Keith"]
[Black "Myrzaibraimov, Azamat"]
[Result "0-1"]
[WhiteElo "1462"]
[BlackElo "1447"]
[PlyCount "98"]
[EventDate "2018.01.09"]
[EventType "swiss"]
[EventRounds "4"]
[EventCountry "CAN"]
[SourceTitle "EXT 2022"]
[Source "ChessBase"]
[SourceDate "2021.10.06"]
[SourceVersion "1"]
[SourceVersionDate "2021.10.06"]
[SourceQuality "1"]

1. e4 d5 2. e5 d4 3. Nf3 Bg4 4. d3 Nc6 5. Be2 Qd5 6. Bf4 e6 7. c3 h6 8. 0-0 g5 9. Bg3 Bg7 10. Nxd4 Nxd4 11. Bxg4 Nc6 12. Bf3 Qd7 13. d4 Nge7 14. h3 f5 15. Bh5+ Kd8 16. f4 Na5 17. Nd2 Nd5 18. Qe2 Ke7 19. Nc4 Nxc4 20. Qxc4 Ne3 21. Qc5+ Kd8 22. Rf2 Bf8 23. Qa5 Nc4 24. Qb4 Bxb4 25. cxb4 c6 26. Rd1 Nb6 27. b3 a6 28. a4 Nd5 29. b5 axb5 30. axb5 Nc3 31. Rd3 Nxb5 32. Bf3 Nc7 33. Rfd2 Kc8 34. Kf1 Ra3 35. Bd1 Nd5 36. fxg5 hxg5 37. Bf2 Qg7 38. Kg1 Kc7 39. Kf1 Rha8 40. h4 Ra2 41. hxg5 Nf4 42. Rxa2 Rxa2 43. Rf3 Ng6 44. b4 Qh7 45. Rh3 Qd7 46. Bb3 Ra1+ 47. Be1 Qxd4 48. Bxe6 Qf4+ 49. Rf3 Qxe5 0-1

[Event "Winnipeg TNT April op"]
[Site "Winnipeg"]
[Date "2017.04.11"]
[Round "2"]
[White "Czarny, Keith"]
[Black "Myrzaibraimov, Azamat"]
[Result "1-0"]
[WhiteElo "1661"]
[BlackElo "1507"]
[PlyCount "87"]
[EventDate "2017.04.04"]
[EventType "swiss"]
[EventRounds "4"]
[EventCountry "CAN"]
[SourceTitle "EXT 2022"]
[Source "ChessBase"]
[SourceDate "2021.10.06"]
[SourceVersion "1"]
[SourceVersionDate "2021.10.06"]
[SourceQuality "1"]

1. d4 d5 2. Nf3 Nc6 3. g3 h6 4. Bg2 Bf5 5. 0-0 e6 6. a3 Bd6 7. Nc3 a6 8. Bd2 Nf6 9. Re1 Na5 10. b3 0-0 11. Qc1 Nh5 12. Ne5 Bh7 13. e4 Bxe5 14. dxe5 d4 15. Ne2 d3 16. Bxh6 dxe2 17. g4 b6 18. Bd2 Qh4 19. gxh5 Qxh5 20. Bf4 g5 21. Bg3 Rad8 22. Qe3 Rd1 23. Bf3 g4 24. Bxe2 Rxa1 25. Rxa1 b5 26. Qf4 Qg6 27. Qxg4 Qxg4 28. Bxg4 Bxe4 29. Rc1 Rd8 30. Rd1 Rd5 31. Rxd5 exd5 32. Bd1 c5 33. f3 Bg6 34. Kf2 Kf8 35. Ke3 Ke7 36. Bh4+ Ke6 37. f4 d4+ 38. Kd2 Kf5 39. Bg3 b4 40. Be2 Ke6 41. Bc4+ Ke7 42. a4 Be4 43. Bh4+ Kf8 44. Bd8 1-0

[Event "Winnipeg TNT February op"]
[Site "Winnipeg"]
[Date "2017.02.28"]
[Round "4.4"]
[White "Myrzaibraimov, Azamat"]
[Black "Gannon, Keith"]
[Result "0-1"]
[WhiteElo "1633"]
[BlackElo "1623"]
[PlyCount "64"]
[EventDate "2017.02.07"]
[EventType "swiss"]
[EventRounds "4"]
[EventCountry "CAN"]
[SourceTitle "EXT 2022"]
[Source "ChessBase"]
[SourceDate "2021.10.06"]
[SourceVersion "1"]
[SourceVersionDate "2021.10.06"]
[SourceQuality "1"]

1. e4 c5 2. Nc3 d6 3. Bc4 e6 4. a3 Nf6 5. d3 Be7 6. Nf3 Nc6 7. h3 0-0 8. Be3 a6 9. Qe2 b5 10. Bb3 d5 11. exd5 Nxd5 12. Nxd5 exd5 13. d4 cxd4 14. Nxd4 Nxd4 15. Bxd4 Be6 16. 0-0 Bf6 17. Rad1 Re8 18. Qf3 Bxd4 19. Rxd4 Qb6 20. c3 Rad8 21. Re1 a5 22. Qd3 Qc5 23. Bc2 g6 24. b4 axb4 25. axb4 Qc6 26. Bb3 Kg7 27. Qd2 Rd6 28. Bxd5 Bxd5 29. Rxd5 Rxe1+ 30. Qxe1 Qxd5 31. Qe2 Qd1+ 32. Kh2 Qxe2 0-1